| 000 | 00620cam8a220021700 4500 | ||
|---|---|---|---|
| 001 | lce00605061 | ||
| 008 | 740610c19671968nyua b 000 0 eng | ||
| 010 | _a 67019785 | ||
| 035 | _a(Sirsi) r13682 | ||
| 035 | _a(DLC) 67019785 | ||
| 035 | _a(UPRA)lce00605061 | ||
| 050 | 0 |
_aQC125 _b.T7 |
|
| 082 | _a531 | ||
| 100 | 1 |
_aTriffet, Terry. _6A69079.1 |
|
| 245 | 1 | 0 | _aMechanics: point objects and particles. |
| 260 |
_aNew York, _bWiley _c[1967, c1968] |
||
| 504 | _aBibliographical footnotes. | ||
| 650 | 0 |
_aMechanics. _6S393.1 |
|
| 949 |
_aQC125 _wlcc _i33729000268404 _mMAIN _p2500 _tBOOK _lON-SHELF |
||
| 004 | 13682 | ||
| 999 |
_c149782 _d149782 |
||